00610nam a2200157Ia 4500008004100000100001500041245010200056245005200158260005300210260000900263300001200272650001500284856006100299999001900360952007300379170221s9999 xx 000 0 und d aAbdul Sami aDoes Ethical Leadership Create Public Value? Empirical Evidences from Banking Sector of Pakistan  cAbdul Sami, Ahmad Jusoh, Muhammad Imran Qureshi bInternational Review of Management and Marketing c2016 a15 : 19 xMarketing. uhttp://www.econjournals.com/index.php/irmm/issue/view/77 c311998d311998 001040aCLbCLd2017-02-21l0r2017-02-21 00:00:00w2017-02-21yFOJ